000 00756nam a22002531 4500
001 22130
003 BD-RjUL
005 20211209000753.0
008 140306s1955 enka b 001 0 eng
035 _a(BD-RjUL)22195
040 _aDLC
_cDLC
_dDLC
_dBD-RjUL
_beng
041 _aeng
082 0 0 _a338.10941
_bSTM 1955
100 1 _aStamp, L. Dudley
_q(Laurence Dudley),
_d1898-1966.
_911800
245 1 0 _aMan and the land /
_cL Dudley Stamp
260 _aLondon :
_bCollins,
_c1955.
300 _axvi, 272 p. :
_bill. ;
_c23 cm.
504 _aIncludes bibliography and index.
650 0 _aAgriculture
_zGreat Britain
_xHistory.
_99923
942 _2ddc
_cBK
999 _c22130
_d22130